000
00294nam a2200109Ia 4500
008
220204s9999 xx 000 0 und d
082
_a
065
_b
PAR;1
100
_a
Parkinson, C Northcote
245
0
_a
Parkinson's law or the pursuit of progress
260
_a
London
_b
John Murray
_c
1962
942
_c
BK
999
_c
20688
_d
20688